| 000 | 00443nam a2200181 a 4500 | ||
|---|---|---|---|
| 001 | 2578 | ||
| 003 | CO-ViMGA | ||
| 008 | 141112s2004 ck r 000 u spa d | ||
| 040 |
_aCO-ViMGA _bspa _cCO-ViMGA |
||
| 082 | 0 | 4 | _a899.221 D871d |
| 100 | 1 | _aDuras, Marguerite | |
| 245 | 1 | 0 | _aDestruir, dice |
| 260 |
_aBarcelona : _bTusquest, _c1991 |
||
| 300 | _a110 p | ||
| 490 | _aAndanzas, 147 | ||
| 650 | 1 | 4 |
_aNOVELA INDONESA _951558 |
| 942 |
_2ddc _cBK |
||
| 999 |
_c14655 _d14655 |
||